| 000 | 00619nam a2200229Ia 4500 | ||
|---|---|---|---|
| 000 | nam a22 i 4500 | ||
| 001 | UNACH-12621 | ||
| 007 | ta | ||
| 008 | 221212s ||||fr|||| 00| | spa d | ||
| 041 | 0 | _aspa | |
| 082 | 0 | 4 |
_a050 _bPublicaciones seriadas generales |
| 100 | 1 |
_aPAZ OCTAVIO, 0, _eautor |
|
| 245 | 1 | 0 | _aEL LABERINTO DE LA SOLEDAD POSTDATA VUELTA A "EL LABERINTO DE LA SOLEDAD |
| 300 | _a351 páginas | ||
| 336 |
_atexto _btxt _2rdacontent |
||
| 337 |
_ano mediado _bn _2rdamedia |
||
| 338 |
_avolumen _bnc _2rdacarrier |
||
| 505 | 0 | _alectura | |
| 650 | 1 | 4 | _aLECTURA |
| 942 |
_2ddc _c1 _n0 |
||
| 999 |
_c9760 _d9760 |
||